All MLB Teams By Division and Colors - Statistics

General Stats
  • This quiz has been taken 75 times
  • The average score is 26 of 30
Answer Stats
Hint Answer % Correct
NL West Dodgers
98%
NL West Padres
96%
AL West Atheltics
95%
NL Central Brewers
95%
NL Central Pirates
95%
NL Central Reds
95%
AL East Yankees
93%
NL Central Cardinals
91%
NL Central Cubs
91%
NL West Giants
91%
AL West Mariners
91%
NL East Phillies
91%
AL Central White Sox
91%
AL West Angels
89%
AL East Orioles
89%
AL East Red Sox
89%
NL East Mets
87%
AL West Astros
85%
AL Central Guardians
85%
NL West Rockies
85%
NL East Braves
84%
NL West DBacks
84%
NL East Marlins
84%
AL West Rangers
84%
AL East Rays
84%
AL Central Royals
82%
AL Central Tigers
82%
AL Central Twins
80%
AL East Blue Jays
78%
NL East Nationals
73%
No matching quizzes found
Score Distribution
Percent of People with Each Score
Percentile by Number Answered
Your Score History
You have not taken this quiz